| 000 -LEADER |
| fixed length control field |
00546nam a2200193Ia 4500 |
| 001 - CONTROL NUMBER |
| control field |
1019 |
| 003 - CONTROL NUMBER IDENTIFIER |
| control field |
GE_BSU |
| 005 - DATE AND TIME OF LATEST TRANSACTION |
| control field |
20220504131423.0 |
| 008 - FIXED-LENGTH DATA ELEMENTS--GENERAL INFORMATION |
| fixed length control field |
181216s1984||||rus|||||||||||||| ||ru || |
| 040 ## - CATALOGING SOURCE |
| Transcribing agency |
GE_BSU |
| 080 ## - UNIVERSAL DECIMAL CLASSIFICATION NUMBER |
| Universal Decimal Classification number |
398(470) П-81 |
| 100 ## - MAIN ENTRY--PERSONAL NAME |
| Personal name |
Пропп, В.Я. |
| 9 (RLIN) |
13706 |
| 245 ## - TITLE STATEMENT |
| Title |
Русская сказка / |
| Statement of responsibility, etc. |
В.Я. Пропп. |
| 264 ## - PRODUCTION, PUBLICATION, DISTRIBUTION, MANUFACTURE, AND COPYRIGHT NOTICE |
| Place of production, publication, distribution, manufacture |
Ленинград Ж |
| Name of producer, publisher, distributor, manufacturer |
Изд-во Ленингр. ун-та, |
| Date of production, publication, distribution, manufacture, or copyright notice |
1984ю |
| 300 ## - PHYSICAL DESCRIPTION |
| Extent |
336 л.; |
| Other physical details |
22 см. |
| 653 ## - INDEX TERM--UNCONTROLLED |
| keyword |
Русская сказка |
| 942 ## - ADDED ENTRY ELEMENTS (KOHA) |
| Koha item type |
წიგნი |
| Source of classification or shelving scheme |
|